[Event "Steyr Landesliga 1213"]
[Site "Austria"]
[Date "2013.05.04"]
[Round "11.6"]
[White "Neubauer, Anton"]
[Black "Poelsler, Ingolf"]
[Result "1-0"]
[WhiteElo "1926"]
[BlackElo "1873"]
[PlyCount "65"]
[EventDate "2012.09.22"]
[EventType "team-tourn"]
[EventRounds "11"]
[EventCountry "AUT"]
[SourceTitle "EXT 2014"]
[Source "ChessBase"]
[SourceDate "2013.11.20"]
[SourceVersion "1"]
[SourceVersionDate "2013.11.20"]
[SourceQuality "1"]
[WhiteTeam "Graz Austria"]
[BlackTeam "Liezen Admont"]
[WhiteTeamCountry "AUT"]
[BlackTeamCountry "AUT"]

1. e4 d6 2. d4 g6 3. Bc4 Bg7 4. Nf3 Nf6 5. Nc3 0-0 6. 0-0 c6 7. Bb3 Bg4 8. h3 Bxf3 9. Qxf3 Nbd7 10. Qe2 e5 11. dxe5 dxe5 12. Be3 Qe7 13. Qc4 Ne8 14. Rad1 Nc7 15. a3 Ne6 16. Ba2 Nb6 17. Qe2 Nd4 18. Qd2 Rad8 19. Qc1 Kh8 20. Kh1 Rd7 21. Rd3 Rfd8 22. Rfd1 f5 23. exf5 gxf5 24. Bxd4 Rxd4 25. Rxd4 Rxd4 26. Ne2 Rd6 27. Rxd6 Qxd6 28. Ng3 Bh6 29. Qe1 Qf6 30. Qe2 Nd5 31. Qh5 Bg5 32. Qe8+ Kg7 33. Nh5+ 1-0

[Event "Steyr Landesliga 1213"]
[Site "Austria"]
[Date "2013.02.02"]
[Round "6.8"]
[White "Vilits, Andreas"]
[Black "Poelsler, Ingolf"]
[Result "1-0"]
[WhiteElo "2132"]
[BlackElo "1873"]
[PlyCount "97"]
[EventDate "2012.09.22"]
[EventType "team-tourn"]
[EventRounds "11"]
[EventCountry "AUT"]
[SourceTitle "EXT 2014"]
[Source "ChessBase"]
[SourceDate "2013.11.20"]
[SourceVersion "1"]
[SourceVersionDate "2013.11.20"]
[SourceQuality "1"]
[WhiteTeam "Graz Schachfreunde"]
[BlackTeam "Liezen Admont"]
[WhiteTeamCountry "AUT"]
[BlackTeamCountry "AUT"]

1. d4 Nf6 2. Nf3 e6 3. Bg5 d5 4. c4 c6 5. Nc3 Be7 6. e3 0-0 7. Bd3 Nbd7 8. 0-0 Re8 9. Rb1 Qc7 10. Qc2 h6 11. Bh4 dxc4 12. Bxc4 Bd6 13. Rfc1 e5 14. Qb3 Nb6 15. Bxf6 gxf6 16. Ne4 Re7 17. Nxf6+ Kg7 18. dxe5 Bxe5 19. Nh5+ Kh8 20. Bxf7 Bf5 21. Nxe5 Qxe5 22. Ra1 Rf8 23. Bc4 Nxc4 24. Qxc4 Bg6 25. Nf4 Be4 26. Qc3 Qxc3 27. Rxc3 Rd7 28. f3 Bh7 29. Ne6 Re8 30. Nd4 Bg8 31. Kf2 Red8 32. b3 Bd5 33. Rac1 Kg7 34. R1c2 Kf6 35. e4 Bxe4 36. fxe4 Rxd4 37. Ke3 R4d7 38. Rf2+ Ke7 39. g4 Rd1 40. Rc5 R1d3+ 41. Kf4 Kf6 42. h4 Rh3 43. g5+ Kg6 44. Kg4 Rdd3 45. Rf6+ Kg7 46. Rxh6 Rdf3 47. Rf5 Rhg3+ 48. Kh5 Rd3 49. Rg6+ 1-0